| 000 | 00445cam a2200181ua 4500 | ||
|---|---|---|---|
| 020 | _a0-8039-1492-X | ||
| 041 |
_aeng _h |
||
| 082 |
_a300.1 _bKNO/LO |
||
| 100 | _aKnoke, David . | ||
| 245 |
_aLog-linear models / _cDavid Knoke. _hTextual Documents |
||
| 260 |
_aNew Delhi : _bSage Publications , _c1980. |
||
| 300 | _a80 ; . | ||
| 500 | _a**Reference | ||
| 504 | _a | ||
| 700 | 1 | _aBurke, Peter J . | |
| 942 | _cBK | ||
| 999 |
_c10491 _d10491 |
||